[Event "Corus A"]
[Site "Wijk aan Zee NED"]
[Date "2006.01.27"]
[Round "11"]
[White "Leko, P."]
[Black "Mamedyarov, S."]
[Result "1-0"]
[WhiteElo "2740"]
[BlackElo "2709"]
[PlyCount "73"]
[EventDate "2006.01.14"]

1. e4 e5 2. Nf3 Nc6 3. Bb5 a6 4. Ba4 d6 5. O-O Bd7 6. d4 exd4 7. Nxd4 b5 8.
Nxc6 Bxc6 9. Bb3 Nf6 10. Nc3 Be7 11. Re1 O-O 12. a4 b4 13. Nd5 Bxd5 14. exd5
Nd7 15. a5 Nc5 16. Ba4 Rb8 17. Bc6 Bf6 18. Qe2 Bd4 19. Rb1 Qf6 20. Rd1 h6 21.
Qd2 Rfe8 (21... Bc3 $1 22. Qe2 (22. Qf4 b3 $1 23. bxc3 $4 (23. cxb3 Rxb3 (23...
Qg6 24. Be3) 24. Qxf6 Bxf6) 23... bxc2) (22. bxc3 $2 bxc3 23. Bb2 Rxb2 24. Qe2
Qf5 25. Rdc1 Rfb8 26. Qe1 Rxb1 27. Rxb1 Rb2) 22... Bd4 23. Bxh6 $5 Bxf2+ (23...
gxh6 24. Qg4+) (23... Qxh6 24. Rxd4) (23... Qxf2+ 24. Qxf2 Bxf2+) 24. Qxf2 Qxh6
25. Rd4) 22. Bxe8 Rxe8 23. Qf4 b3 24. c3 Qe7 25. Bd2 Be5 26. Qg4 Ne4 27. Be3 g6
28. g3 Bg7 29. Re1 h5 30. Qe2 h4 31. Qxa6 f5 32. Qb5 Be5 33. a6 hxg3 34. fxg3
Kf7 35. a7 Rh8 36. Qb8 Rxh2 37. a8=Q 1-0